000 00946nam a22003017a 4500
003 CHAP
005 20220329134719.0
008 971013s r 00010 d
010 _a24654
011 _a25626
035 _a29726
040 _cCHAP
082 _a630.72
_bI58m 1968-69
110 _aInstituto Colombiano Agropecuario. Tibaitatá
_959089
245 _aMemoria, 1968-1969
260 _a(s.l. :
_bs.e.),
_c(s.a.)
300 _a78 p
590 _aBATCH-UPD
_b10
_c20130110
_lUCH01
_h0025
590 _aBATCH-UPD
_b10
_c20130110
_lUCH01
_h1039
590 _aBATCH-UPD
_b10
_c20130409
_lUCH01
_h2006
590 _aBATCH-UPD
_b10
_c20130913
_lUCH01
_h2057
590 _aCONVERSION
_b10
_c20130109
_lUCH01
_h1314
650 1 4 _aAgricultura
_xColombia.
_91368
650 1 4 _aAgricultura
_xInvestigación
_xColombia.
_91603
901 _aBK
942 _cLIBRO
949 _a630.72 I58m 1968-69
_bBC
_cLIBRO
_d33724000041869
_eLIBRO
_h15672
_i29726
_mD
_si
999 _c24654
_d24654